000
00323nam a2200133Ia 4500
008
220204s9999 xx 000 0 und d
082
_a
581
_b
DOD
100
_a
DODD, John D
245
0
_a
Form and function in plants
260
_a
Allahabad
_b
Central Book Depot
_c
1968
650
_a
Botany
650
_a
Growth
942
_c
BK
999
_c
21054
_d
21054